Clic Les lieux imaginaires (1) - Statistiques

Statistiques générales
  • Ce quiz a été pris 12 fois
  • Le résultat moyen est 14 sur 36
Statistiques - réponses
Hint Explanation Réponse % Correct
Gotham City Ville de Batman AMERIQUE
82%
Metropolis Ville de Superman AMERIQUE
82%
Eldorado Région d'Amérique supposée regorger d'or recherchée par les premiers conquérants de l'Amérique AMERIQUE
73%
Sao Rico Pays imaginaire des aventures de Tintin AMERIQUE
73%
Ile de Monte-Cristo Ile imaginaire de Méditerranée du roman Le comte de Monte-Cristo EUROPE
73%
Principauté de Lautenbourg-Detmold Lieu du roman Koenigsmark EUROPE
73%
Zerzura oasis mythique d'Egypte ou de Libye AFRIQUE
64%
San Escobar Pays cité par erreur par un ministre polonais des affaires étrangères en 2017, situé aux Caraïbes AMERIQUE
64%
Fairview Ville fictive du feuilleton Desperate Housewives AMERIQUE
64%
San Martin Pays imaginaire de la BD Tanguy et Laverdure AMERIQUE
55%
Bordurie Pays imaginaire des aventures de Tintin EUROPE
55%
Palombie Pays fictifs des aventures de Fantasio et du Marsupilami AMERIQUE
45%
Mantegua Etat imaginaire dans les albums de BD de Buck Danny AMERIQUE
45%
Groenland méridional Terre décrite en 1823 mais jamais localisée depuis ANTARCTIQUE
45%
Rawhajpoutalah Pays imaginaire des aventures de Tintin ASIE
45%
Basran Pays de la BD Buck Danny ASIE
45%
Syldavie Pays imaginaire des aventures de Tintin EUROPE
45%
Ile de Cerné Bien que décrite par Hannon au VIIe s. avant J.C., elle ne semble pas exister AFRIQUE
36%
Vallée de La Cannelle Lieu imaginé par les premiers conquérants de l'Amérique AMERIQUE
36%
Macondo Village où se déroule l'ation de Cent ans de solitude de Gabriel Garcia Marquez AMERIQUE
36%
Lac Chiamay Lac immense décrit en Indochine mais jamais localisé ASIE
36%
Khemed Pays imaginaire des aventures de Tintin ASIE
36%
Lac Parimé Lac au bord duquel se serait trouvé la ville d'Eldorado AMERIQUE
27%
Platopabo Pays imaginaire des albums d'Achille Talon AMERIQUE
27%
Akakor Ville souterraine mythique d'Amérique du Sud AMERIQUE
18%
Royaume du prêtre Jean Royaume nestorien attesté aux XIIe et XIIIe siècles mais jamais localisé INCONNU
18%
Lilipanga Ile imaginaire dans les albums de Spirou AFRIQUE
9%
Uniamesi Mer intérieure située par erreur dans la région des grands lacs d'Afrique au XIXe siècle AFRIQUE
9%
Iles des Bienheureux Selon les Grecs les dernières du monde avant le néant AFRIQUE
9%
Ile Saint-Mathieu Probablement confondue avec l'ile d'Annobon AFRIQUE
9%
Lilliput Pays imaginé par Jonathan Swift dans Les voyages de Gulliver situé dans les Bermudes AMERIQUE
9%
Îles Phélipeaux et Pontchartrain Iles situées sur le lac supérieur au XVIIIe siècle mais non localisées AMERIQUE
9%
Brobdingnag Pays imaginé par Jonathan Swift dans Les voyages de Gulliver situé entre le Japon et l'Amérique AMERIQUE
9%
Tomainia Pays imaginaire dans Le Dictateur de Chaplin EUROPE
9%
Tapasambal Pays imaginaire des albums d'Achille Talon AMERIQUE
0%
Terre de Bradley Lieu décrit en Arctique en 1909 mais jamais retrouvée par la suite ARCTIQUE
0%
Aucun quiz correspondant
Distribution des résultats
% des personnes avec chaque résultat
Percentile par nombre de réponses
Votre historique - résultats
Vous n’avez pas pris ce quiz